[Event "Summer Prague Open 2023 - A"]
[Site "Olympik hotel, Sokolovska 138, Praha"]
[Date "2023.08.08"]
[Round "6"]
[Board "18"]
[White "Kumar, Sanjit S"]
[Black "Degenhard, Simon"]
[Result "0-1"]
[WhiteElo "1870"]
[BlackElo "2242"]
[PlyCount "0"]
[EventDate "2023.08.04"]
[EventRounds "9"]
[EventCountry "CZE"]

1. d4 Nf6 2. c4 e6 3. Nc3 Bb4 4. e3 c5 5. Nge2 b6 6. a3 Ba5 7. Rb1 Na6 8. f3 O-O
9. g3 d5 10. cxd5 exd5 11. Bg2 cxd4 12. exd4 Bxc3+ 13. Nxc3 Re8+ 14. Kf2 Bf5 15.
Ra1 Nc7 16. Be3 Qd7 17. Qd2 Nb5 18. Rac1 Rac8 19. Nxb5 Qxb5 20. Bf1 Qa4 21. Bd3 Bxd3
22. Qxd3 h6 23. Rxc8 Rxc8 24. Rc1 Rxc1 25. Bxc1 Qc6 26. Bd2 Qc8 27. g4 Qc7 28. Kg2
Nd7 29. h4 Nf8 30. h5 Ne6 31. Be3 Kf8 32. Qd2 Qc4 33. f4 f6 34. Qf2 Qd3 35. f5 Ng5
36. Bxg5 hxg5 37. Kh2 Qe4 38. Kg3 Ke7 39. Qd2 Kd7 40. Qc3 Qf4+ 41. Kh3 Qf1+ 42. Kh2
Qe2+ 43. Kg3 Qe4 44. b4 Qf4+ 45. Kh3 Qf1+ 46. Kh2 Qf2+ 47. Kh3 Qh4+ 48. Kg2 Qxg4+
49. Qg3 Qxg3+ 50. Kxg3 b5 51. Kf3 Ke7 52. Kg3 Kf8 53. Kh3 Kg8 54. Kg3 Kh7 55. Kh3
Kh6 56. Kg4 a6  0-1

[Event "Summer Prague Open 2023 - A"]
[Site "Olympik hotel, Sokolovska 138, Praha"]
[Date "2023.08.08"]
[Round "6"]
[Board "19"]
[White "Schirm, Friedmar"]
[Black "Kovalskyi, Roman"]
[Result "1-0"]
[WhiteElo "2235"]
[BlackElo "2064"]
[PlyCount "0"]
[EventDate "2023.08.04"]
[EventRounds "9"]
[EventCountry "CZE"]

1. e4 c5 2. Nf3 g6 3. d4 cxd4 4. Nxd4 Nc6 5. c4 Nf6 6. Nc3 d6 7. Nc2 Bg7 8. Be2 Nd7
9. Bd2 a5 10. O-O Nc5 11. f3 O-O 12. Rb1 Bd7 13. b3 Nd4 14. Nxd4 Bxd4+ 15. Kh1 Bg7
16. Nd5 e6 17. Ne3 Bc6 18. Be1 Qg5 19. Bf2 Rfd8 20. Qe1 f5 21. exf5 gxf5 22. Nc2
Rd7 23. Nd4 Be5 24. Nxc6 bxc6 25. Rd1 Rg7 26. g3 Nd7 27. f4 Bxf4 28. Bf3 Be5 29.
Bxc6 Rf8 30. Be3 Qd8 31. Bh6 Nf6 32. Bf3 Rg6 33. Bxf8 Qxf8 34. c5 Qh6 35. Rxd6 Bxg3
36. Qxe6+ Kh8 37. Rd8+ Rg8 38. Rxg8+ Nxg8 39. Qxh6 Nxh6 40. hxg3 f4 41. c6 Nf5 42.
c7 Nxg3+ 43. Kg2 Nxf1 44. c8=Q+  1-0

[Event "Summer Prague Open 2023 - A"]
[Site "Olympik hotel, Sokolovska 138, Praha"]
[Date "2023.08.08"]
[Round "6"]
[Board "20"]
[White "Niu, Qiming"]
[Black "Daeschler, Florian"]
[Result "0-1"]
[WhiteElo "1879"]
[BlackElo "2225"]
[PlyCount "0"]
[EventDate "2023.08.04"]
[EventRounds "9"]
[EventCountry "CZE"]

1. e4 e5 2. Nf3 Nc6 3. Bc4 Nf6 4. Ng5 d5 5. exd5 Na5 6. Bb5+ Bd7 7. Qe2 Be7 8. Nc3
O-O 9. Bxd7 Qxd7 10. Nf3 e4 11. Nxe4 Nxd5 12. d3 Rae8 13. O-O f5 14. Ng3 Bd6 15.
Qd1 c5 16. c4 Nf6 17. d4 cxd4 18. Qxd4 Nc6 19. Qd3 Bxg3 20. Qxd7 Bxh2+ 21. Kxh2 Nxd7
22. Bd2 Nde5 23. Nxe5 Nxe5 24. b3 Ng4+ 25. Kg1 Re2 26. Bc3 Rc2 27. Rac1 Rxa2 28.
f3 Nf6 29. Ra1 Rc2 30. Bxf6 Rxf6 31. Rxa7 Rb6 32. Rd1 h5 33. Rd3 Rg6 34. Rxb7 Rgxg2+
35. Kf1 Rh2 36. Kg1 h4 37. f4 Kh7 38. Re7 Ra2 39. Ree3 Rhc2 40. Kf1 Kh6 41. Rd5 g6
42. Rd8 Kh5 43. Re6 h3 44. Rh8+ Kg4 45. Rxg6+ Kxf4 46. Re6 Rh2 47. Rh4+ Kg3 48. Rxh3+
Kxh3 49. Re3+ Kg4 50. Kg1 Rhb2 51. Re1 f4 52. Rc1 f3 53. c5 Rg2+ 54. Kh1 Rh2+ 55.
Kg1 Rag2+  0-1

[Event "Summer Prague Open 2023 - A"]
[Site "Olympik hotel, Sokolovska 138, Praha"]
[Date "2023.08.09"]
[Round "7"]
[Board "1"]
[White "Walek, Petr"]
[Black "Pap, Gyula"]
[Result "1-0"]
[WhiteElo "2219"]
[BlackElo "2429"]
[PlyCount "0"]
[EventDate "2023.08.04"]
[EventRounds "9"]
[EventCountry "CZE"]

1. e4 e5 2. Nf3 Nc6 3. Bb5 a6 4. Ba4 Nf6 5. O-O Be7 6. Re1 b5 7. Bb3 d6 8. a4 Na5
9. axb5 Nxb3 10. cxb3 Bb7 11. bxa6 Bxe4 12. d4 Bxf3 13. Qxf3 e4 14. Qg3 Qd7 15. d5
O-O 16. Nc3 Rfb8 17. Ra3 Qc8 18. a7 Rb4 19. Bd2 Qb7 20. Ne2 Rb5 21. Nc3 Rb4 22. Ne2
Rb6 23. Nf4 Rxa7 24. Rea1 Rxa3 25. Rxa3 Nxd5 26. Nh5 g6 27. Bg5 Bf8 28. h4 Rb5 29.
Kh2 h6 30. Bd2 e3 31. fxe3 Rxb3 32. Ra5 c5 33. Ra3 Kh7 34. Rxb3 Qxb3 35. Qf3 Nc7
36. Bc3 gxh5 37. Qf5+ Kg8 38. Qf6 Kh7 39. Qf5+ Kg8 40. Qf6 Kh7 41. Qh8+ Kg6 42. e4
Ne8 43. Qxf8 Nf6 44. Bxf6 Kxf6 45. Qxd6+ Kg7 46. Qe5+ Kg6 47. Qg3+ Qxg3+ 48. Kxg3
Kf6 49. Kf4 Ke6 50. b3  1-0

[Event "Summer Prague Open 2023 - A"]
[Site "Olympik hotel, Sokolovska 138, Praha"]
[Date "2023.08.09"]
[Round "7"]
[Board "2"]
[White "Itgelt, Khuyagtsogt"]
[Black "Matras, Ondrej"]
[Result "1-0"]
[WhiteElo "2397"]
[BlackElo "2192"]
[PlyCount "0"]
[EventDate "2023.08.04"]
[EventRounds "9"]
[EventCountry "CZE"]

1. d4 d5 2. c4 c6 3. Nf3 e6 4. Nbd2 Nf6 5. g3 Be7 6. Bg2 O-O 7. O-O c5 8. cxd5 exd5
9. dxc5 Bxc5 10. Nb3 Bb6 11. Nbd4 Nc6 12. b3 Re8 13. Bb2 Bg4 14. Nxc6 bxc6 15. Ne5
Bd7 16. Rc1 Rc8 17. e3 Rc7 18. Re1 Re7 19. Nxd7 Nxd7 20. e4 Nc5 21. Ba3 Ne6 22. Bxe7
Rxe7 23. exd5 cxd5 24. Qxd5 Rd7 25. Qa8 Qxa8 26. Bxa8 g5 27. Rcd1 Nd4 28. Kg2 Rc7
29. Re4 Ne6 30. Rc4 Re7 31. Bc6 Nc7 32. Re4 Ne6 33. Bd5 Kg7 34. Bxe6 fxe6 35. Rd6
Kf6 36. b4 h5 37. h3 Kf5 38. f3 Bc7 39. Rc6 Bb8 40. a4 g4 41. hxg4+ hxg4 42. Rxg4
Rd7 43. Rc8 Rd2+ 44. Kh3 Bd6 45. Rd8 Bxb4 46. Rxd2 Bxd2 47. Kg2  1-0

[Event "Summer Prague Open 2023 - A"]
[Site "Olympik hotel, Sokolovska 138, Praha"]
[Date "2023.08.09"]
[Round "7"]
[Board "3"]
[White "Shehzad, Shazil"]
[Black "Kolodziejski, Piotr"]
[Result "0-1"]
[WhiteElo "2301"]
[BlackElo "2116"]
[PlyCount "0"]
[EventDate "2023.08.04"]
[EventRounds "9"]
[EventCountry "CZE"]

1. d4 Nf6 2. c4 e6 3. g3 c5 4. d5 exd5 5. cxd5 d6 6. Nc3 g6 7. Bg2 Bg7 8. Nf3 O-O
9. O-O a6 10. a4 Re8 11. Nd2 Nbd7 12. e4 Rb8 13. a5 b5 14. axb6 Nxb6 15. h3 Nfd7
16. f4 c4 17. Nf3 Nc5 18. e5 Nb3 19. Ra3 Nxc1 20. Qxc1 Nd7 21. e6 fxe6 22. dxe6 Nc5
23. Ra2 Nd3 24. Qd2 Bb7 25. Ng5 h6 26. Nf3 Rxe6 27. Nh4 Qb6+ 28. Kh1 Rbe8 29. Bxb7
Qxb7+ 30. Qg2 Qxg2+ 31. Nxg2 Rb8 32. Rxa6 Rxb2 33. Nd1 Rb1 34. Nge3 c3 35. Rc6 Rc1
36. g4 Nc5 37. Rc8+ Kh7 38. Kg2 c2 39. Nxc2 Rxc2+ 40. Nf2 Ree2 41. Kf3 Bd4 42. Rc7+
Kg8 43. Rb1 Rxf2+ 44. Kg3 Rg2+ 45. Kh4 Bf2#  0-1

[Event "Summer Prague Open 2023 - A"]
[Site "Olympik hotel, Sokolovska 138, Praha"]
[Date "2023.08.09"]
[Round "7"]
[Board "4"]
[White "Ahn, Hongjin"]
[Black "Peil, Christoph"]
[Result "0-1"]
[WhiteElo "2240"]
[BlackElo "2293"]
[PlyCount "0"]
[EventDate "2023.08.04"]
[EventRounds "9"]
[EventCountry "CZE"]

1. c4 b6 2. Nf3 Bb7 3. g3 Nf6 4. Bg2 e6 5. O-O Be7 6. Nc3 O-O 7. Re1 d5 8. cxd5 Nxd5
9. e4 Nxc3 10. bxc3 c5 11. d4 Nc6 12. Bb2 Na5 13. Bf1 Rc8 14. Rc1 cxd4 15. cxd4 Bb4
16. Re3 Rxc1 17. Bxc1 Qa8 18. Bd3 Rc8 19. Bb2 Bf8 20. d5 Nc4 21. Bxc4 Rxc4 22. Ne5
exd5 23. Nxc4 dxc4 24. Ba3 Bxa3 25. Rxa3 a6 26. Qd7 b5 27. Rf3 f6 28. Rf5 Qc8 29.
Qe7 Bc6 30. Rc5 Qd7 31. Qxd7 Bxd7 32. Rc7 Be6 33. Rc6 Kf7 34. Rxa6 c3 35. a4 c2 36.
Ra7+ Kg6 37. Rc7 Bc4  0-1

[Event "Summer Prague Open 2023 - A"]
[Site "Olympik hotel, Sokolovska 138, Praha"]
[Date "2023.08.09"]
[Round "7"]
[Board "5"]
[White "Neuman, Petr"]
[Black "Netusil, Miloslav"]
[Result "1-0"]
[WhiteElo "2370"]
[BlackElo "2159"]
[PlyCount "0"]
[EventDate "2023.08.04"]
[EventRounds "9"]
[EventCountry "CZE"]

1. c4 e5 2. Nc3 Bb4 3. Nd5 a5 4. a3 Be7 5. g3 Nf6 6. Bg2 O-O 7. Nf3 Nc6 8. O-O d6
9. d3 Nd4 10. Nxe7+ Qxe7 11. Nxd4 exd4 12. e3 dxe3 13. Bxe3 c6 14. Qd2 Be6 15. Bd4
d5 16. c5 Nd7 17. f4 f5 18. Qc3 Rfe8 19. Rfe1 Nf8 20. Re3 Qf7 21. Rae1 Bd7 22. Be5
Ne6 23. d4 Nf8 24. Qb3 Bc8 25. Bf3 Be6 26. h3 Qd7 27. Kh2 Ng6 28. Bd6 Bf7 29. Rxe8+
Bxe8 30. Bh5 Qf7 31. Re2 Rd8 32. Qb6 Ra8 33. Qb3 Rd8 34. Qb6 Ra8 35. a4 Qf6 36. Qxb7
Rd8 37. Qc7 Ra8 38. Qb7 Rd8 39. Qc7 Ra8 40. Bxg6 hxg6 41. h4 Bf7 42. Re5  1-0

[Event "Summer Prague Open 2023 - A"]
[Site "Olympik hotel, Sokolovska 138, Praha"]
[Date "2023.08.09"]
[Round "7"]
[Board "6"]
[White "Degenhard, Simon"]
[Black "Pulpan, Jakub"]
[Result "0-1"]
[WhiteElo "2242"]
[BlackElo "2417"]
[PlyCount "0"]
[EventDate "2023.08.04"]
[EventRounds "9"]
[EventCountry "CZE"]

1. e4 e5 2. Nf3 Nc6 3. Bb5 a6 4. Ba4 Nf6 5. O-O Nxe4 6. d4 Be7 7. Re1 b5 8. Rxe4
d5 9. Nxe5 Nxe5 10. Rxe5 bxa4 11. Nc3 Be6 12. Re1 Qd7 13. b3 Bb4 14. Bd2 axb3 15.
axb3 O-O 16. Na4 Bd6 17. Nc5 Bxc5 18. dxc5 d4 19. Bf4 Rfd8 20. Qd2 Qc6 21. Qa5 Rac8
22. Rad1 h5 23. Rd2 Rd7 24. h3 Rb8 25. Ra1 Rb5 26. Qxa6 Qxa6 27. Rxa6 Rxc5 28. Ra8+
Kh7 29. Ra4 g5 30. Bh2 Bxb3 31. Raxd4 Rxc2 32. Rxc2 Rxd4 33. Rc1 c5 34. f4 Rd5 35.
fxg5 Rxg5 36. Bf4 Rd5 37. Kf2 c4 38. g4 Rd3 39. Kg2 c3 40. g5 h4 41. Re1 Bd5+ 42.
Kh2 c2 43. Rc1 Rd1 44. Rxc2 Rh1#  0-1

[Event "Summer Prague Open 2023 - A"]
[Site "Olympik hotel, Sokolovska 138, Praha"]
[Date "2023.08.09"]
[Round "7"]
[Board "7"]
[White "Jurcik, Marian"]
[Black "Priehoda, Vitezslav"]
[Result "1/2-1/2"]
[WhiteElo "2411"]
[BlackElo "2254"]
[PlyCount "0"]
[EventDate "2023.08.04"]
[EventRounds "9"]
[EventCountry "CZE"]

1. e4 c5 2. Nf3 e6 3. d4 cxd4 4. Nxd4 Nf6 5. Nc3 Nc6 6. Ndb5 d6 7. Bf4 e5 8. Bg5
a6 9. Na3 b5 10. Nab1 Be7 11. Bxf6 Bxf6 12. a4 b4 13. Nd5 O-O 14. Bc4 Rb8 15. Qd3
Bg5 16. O-O a5 17. Nd2 Bxd2 18. Qxd2 Be6 19. Rad1 Bxd5 20. Bxd5 Rc8 21. Rfe1 Qb6
22. Re3 Ne7 23. Bb3 Nc6 24. Bd5 Ne7 25. Bb3 Nc6 26. Rg3 Nd4 27. Rxg7+ Kxg7 28. Qg5+
Kh8 29. Qf6+ Kg8 30. Qg5+ Kh8 31. Qf6+ Kg8 32. Qg5+  1/2-1/2

[Event "Summer Prague Open 2023 - A"]
[Site "Olympik hotel, Sokolovska 138, Praha"]
[Date "2023.08.09"]
[Round "7"]
[Board "8"]
[White "Vedder, Henk"]
[Black "Schirm, Friedmar"]
[Result "1/2-1/2"]
[WhiteElo "2326"]
[BlackElo "2235"]
[PlyCount "0"]
[EventDate "2023.08.04"]
[EventRounds "9"]
[EventCountry "CZE"]

1. e4 e5 2. Nf3 Nc6 3. d4 exd4 4. Nxd4 Nf6 5. Nxc6 bxc6 6. Bd3 d5 7. e5 Ng4 8. Bf4
Bc5 9. O-O g5 10. Bg3 h5 11. h3 h4 12. Bh2 Nxh2 13. Kxh2 Qe7 14. Nc3 Qxe5+ 15. Kh1
Be6 16. Qd2 Qf4 17. Qxf4 gxf4 18. Na4 Bd6 19. Be2 Rb8 20. b3 c5 21. Rad1 Ke7 22.
Rfe1 Kf6 23. Bf3 d4 24. Nb2 c4 25. Rxd4 cxb3 26. cxb3 Be5 27. Rxe5 Kxe5 28. Re4+
Kf5 29. Nd3 Rbd8 30. Ra4 Kg5 31. Ra5+ f5 32. Nc5 Rhe8 33. Kh2 Kg6 34. Rxa7 Bd5 35.
Ra6+ Kh7 36. Bxd5 Rxd5 37. Ne6 Rd6 38. Rxd6 cxd6 39. Nxf4 Ra8 40. a4 Rb8 41. Ne2
Kg6 42. Nd4 Rb4 43. Nf3 Rxb3 44. Nxh4+ Kf6 45. Nf3 f4 46. h4 Ra3 47. Kh3 Kf5 48.
h5 Rxa4 49. h6 Ra7 50. Kh4 d5 51. Kh5 Rd7 52. g4+ fxg3 53. fxg3 d4 54. g4+ Kf4 55.
Nd2 Rc7 56. Kg6 Rc6+ 57. Kg7 Kxg4 58. h7 Rc7+ 59. Kg8 Rc8+ 60. Kg7 Rc7+  1/2-1/2

[Event "Summer Prague Open 2023 - A"]
[Site "Olympik hotel, Sokolovska 138, Praha"]
[Date "2023.08.09"]
[Round "7"]
[Board "9"]
[White "Daeschler, Florian"]
[Black "Kwon, Sehyun"]
[Result "0-1"]
[WhiteElo "2225"]
[BlackElo "2274"]
[PlyCount "0"]
[EventDate "2023.08.04"]
[EventRounds "9"]
[EventCountry "CZE"]

1. d4 Nf6 2. c4 e6 3. g3 Bb4+ 4. Nd2 c5 5. a3 Bxd2+ 6. Qxd2 cxd4 7. Nf3 Nc6 8. Nxd4
Na5 9. Qb4 d5 10. Nb5 Nc6 11. Qd6 Qxd6 12. Nxd6+ Ke7 13. Nb5 dxc4 14. Be3 b6 15.
Bg2 Bd7 16. O-O Nd5 17. Bg5+ f6 18. e4 Ndb4 19. axb4 fxg5 20. e5 a6 21. Nd6 b5 22.
f4 gxf4 23. Rxf4 Nxe5 24. Bxa8 Rxa8 25. Ne4 Nd3 26. Rg4 g6 27. Rf1 Nxb4 28. Rgf4
Be8 29. Rf8 e5 30. Rh8 Bc6 31. Rxh7+ Ke6 32. Rf6+ Kd5 33. Rh4 Kd4 34. Rd6+ Ke3 35.
Nc3 Bf3 36. b3 g5 37. Rh3 cxb3 38. g4 e4 39. Nd1+ Kf4 40. Kf2 Bxd1 41. Rxd1 Nd3+
42. Ke2 b2 43. Rf1+ Ke5 44. Ke3 Kd5 45. Rh7 Kc4 46. Rc7+ Kb3 47. Kxe4 Ne1  0-1

[Event "Summer Prague Open 2023 - A"]
[Site "Olympik hotel, Sokolovska 138, Praha"]
[Date "2023.08.09"]
[Round "7"]
[Board "10"]
[White "Ivekovic, Tihana"]
[Black "Kulhanek, Tomas"]
[Result "1/2-1/2"]
[WhiteElo "2117"]
[BlackElo "2328"]
[PlyCount "0"]
[EventDate "2023.08.04"]
[EventRounds "9"]
[EventCountry "CZE"]

1. d4 Nf6 2. c4 e6 3. g3 Bb4+ 4. Nd2 c5 5. a3 Bxd2+ 6. Qxd2 cxd4 7. Nf3 d5 8. Bg2
dxc4 9. Qxd4 Qxd4 10. Nxd4 O-O 11. Be3 Nd5 12. Rc1 Nxe3 13. fxe3 Nd7 14. Rxc4 Nf6
15. O-O Rd8 16. Nf3 Nd5 17. Rd1 Re8 18. Kf2 Bd7 19. Ne5 Bb5 20. Rc5 a6 21. Bxd5 exd5
22. Rcxd5 Rac8 23. Nf3 g6 24. Nd4 Ba4 25. b3 Bc6 26. Nxc6 Rxc6 27. Rd6 Rc5 28. R6d5
Rc6 29. Rd6 Rc5 30. R6d5  1/2-1/2

[Event "Summer Prague Open 2023 - A"]
[Site "Olympik hotel, Sokolovska 138, Praha"]
[Date "2023.08.09"]
[Round "7"]
[Board "11"]
[White "Berin, Artem"]
[Black "Kanakova, Natalie"]
[Result "1-0"]
[WhiteElo "2337"]
[BlackElo "2146"]
[PlyCount "0"]
[EventDate "2023.08.04"]
[EventRounds "9"]
[EventCountry "CZE"]

1. d4 f5 2. c4 Nf6 3. Nf3 d6 4. g3 g6 5. Bg2 Bg7 6. O-O O-O 7. Nc3 c6 8. d5 e5 9.
dxe6 Bxe6 10. b3 Ne4 11. Nxe4 Bxa1 12. Nxd6 Qd7 13. Bh6 Bg7 14. Bxg7 Qxg7 15. Ng5
Qe7 16. Nxe6 Rf6 17. Nxf5 Rxf5 18. Qd8+ Qxd8 19. Nxd8 Re5 20. Nxb7 Rxe2 21. Rd1 Na6
22. Bxc6 Rf8 23. f4 Rxa2 24. c5 Rc2 25. Bd5+ Kh8 26. Bc4 Nb4 27. Nd8 Re8 28. Nf7+
Kg7 29. Ne5 Re7 30. h4 a5 31. Rd4 Nc6 32. Nxc6 Re1+ 33. Bf1 Rcc1 34. Rd7+ Kh8 35.
Ne5 Rxf1+ 36. Kg2 Rg1+ 37. Kf2 Rgf1+ 38. Kg2 Rg1+ 39. Kf3 Rxc5 40. Kg4 Kg8 41. Kg5
Rxe5+ 42. fxe5 Rxg3+ 43. Kf6 Rf3+ 44. Ke7 Rxb3 45. Ra7 Rb4 46. e6 Rxh4 47. Kd6 Rd4+
48. Ke5 Rd8 49. e7 Rb8 50. Ke6 a4 51. Rd7 Rb6+ 52. Rd6 Rxd6+ 53. Kxd6 Kf7 54. Kd7
 1-0

[Event "Summer Prague Open 2023 - A"]
[Site "Olympik hotel, Sokolovska 138, Praha"]
[Date "2023.08.09"]
[Round "7"]
[Board "12"]
[White "Hajiyev, Kanan"]
[Black "Levitan, Tal"]
[Result "1/2-1/2"]
[WhiteElo "2109"]
[BlackElo "2321"]
[PlyCount "0"]
[EventDate "2023.08.04"]
[EventRounds "9"]
[EventCountry "CZE"]

1. d4 Nf6 2. Nf3 d5 3. c4 e6 4. cxd5 exd5 5. Nc3 c6 6. Qc2 g6 7. Bg5 Be7 8. e3 Bf5
9. Bd3 Bxd3 10. Qxd3 Nbd7 11. O-O O-O 12. Rab1 Re8 13. Qc2 Nb6 14. Bf4 Nh5 15. Be5
Bd6 16. e4 Nc4 17. Bxd6 dxe4 18. Nxe4 Nxd6 19. Nc5 Nf4 20. Rfe1 Qc7 21. g3 Nd5 22.
Kg2 Kg7 23. h4 Rxe1 24. Rxe1 Qc8 25. Qe2 Qf5 26. Qe5+ Qxe5 27. dxe5 Nf5 28. Re2 b6
29. Ne4 h5 30. Rd2  1/2-1/2

[Event "Summer Prague Open 2023 - A"]
[Site "Olympik hotel, Sokolovska 138, Praha"]
[Date "2023.08.09"]
[Round "7"]
[Board "13"]
[White "von Mettenheim, Johannes"]
[Black "Pyrig, Roman"]
[Result "1-0"]
[WhiteElo "2316"]
[BlackElo "2134"]
[PlyCount "0"]
[EventDate "2023.08.04"]
[EventRounds "9"]
[EventCountry "CZE"]

1. d4 Nf6 2. c4 e6 3. g3 d5 4. Bg2 Be7 5. Nf3 O-O 6. O-O c6 7. Nc3 b6 8. Ne5 Bb7
9. e4 dxc4 10. Nxc4 b5 11. Ne3 Nbd7 12. d5 cxd5 13. exd5 b4 14. dxe6 Bxg2 15. Kxg2
bxc3 16. exd7 cxb2 17. Bxb2 Qxd7 18. Qf3 Rab8 19. Rab1 Rb6 20. Nf5 Rfb8 21. Rbd1
Qb7 22. Nxe7+ Qxe7 23. Rfe1 Qb7 24. Qxb7 R6xb7 25. Be5 Rc8 26. Re3 h6 27. Bxf6 gxf6
28. Rd6 Rb6 29. Rd7 a6 30. Ree7 Rf8 31. Ra7 f5 32. a4 Rf6 33. a5 Rc8 34. Reb7 Rcc6
35. Ra8+ Kg7 36. Rbb8 Rg6 37. Rg8+ Kf6 38. Rh8 Ke6 39. Ra7 Rf6 40. Rd8 Ke5 41. Re7+
Rce6 42. f4+ Ke4 43. Red7 Rc6 44. Rd4+ Ke3 45. Rd3+ Ke2 46. Rd2+ Ke1 47. Rd1+ Ke2
48. R8d2+ Ke3 49. Rd3+ Ke2 50. R1d2+ Ke1 51. Kf3 Rc1 52. Rf2 Rfc6 53. Rdd2 Re6 54.
Kg2 Rb1 55. Rd5 Rb7 56. Rf1+ Ke2 57. Rdd1  1-0

[Event "Summer Prague Open 2023 - A"]
[Site "Olympik hotel, Sokolovska 138, Praha"]
[Date "2023.08.09"]
[Round "7"]
[Board "15"]
[White "Serrano Salvador, Eduardo"]
[Black "Gorkiewicz, Mateusz"]
[Result "1/2-1/2"]
[WhiteElo "2260"]
[BlackElo "2120"]
[PlyCount "0"]
[EventDate "2023.08.04"]
[EventRounds "9"]
[EventCountry "CZE"]

1. d4 Nf6 2. Nf3 e6 3. Bg5 h6 4. Bh4 c5 5. c3 b6 6. e3 Bb7 7. Nbd2 Be7 8. a4 Nc6
9. Bd3 O-O 10. h3 cxd4 11. exd4 Nh5 12. Bxe7 Nxe7 13. O-O Nf4 14. Be4 Bxe4 15. Nxe4
d5 16. Ned2 Nf5 17. Kh2 Ng6 18. Re1 Qc7+ 19. g3 Nd6 20. Ne5 Nxe5 21. Rxe5 Rab8 22.
Re2 Rfc8 23. Nb3 Ne4 24. Nd2 Nd6 25. Nb3 Ne4  1/2-1/2

[Event "Summer Prague Open 2023 - A"]
[Site "Olympik hotel, Sokolovska 138, Praha"]
[Date "2023.08.09"]
[Round "7"]
[Board "16"]
[White "Petr, Jakub"]
[Black "Kobl, Rudolf"]
[Result "1-0"]
[WhiteElo "2238"]
[BlackElo "2101"]
[PlyCount "0"]
[EventDate "2023.08.04"]
[EventRounds "9"]
[EventCountry "CZE"]

1. d4 d5 2. Nf3 Nf6 3. c4 e6 4. g3 Be7 5. Bg2 O-O 6. O-O dxc4 7. Qc2 b5 8. a4 b4
9. Nbd2 Bb7 10. Nxc4 Be4 11. Qd1 c5 12. dxc5 Bxc5 13. Bg5 Nbd7 14. Nfe5 Bxg2 15.
Kxg2 Nxe5 16. Nxe5 Qe7 17. Qd3 Qb7+ 18. f3 Rfd8 19. Qc4 Rac8 20. Rfd1 Rxd1 21. Rxd1
Be7 22. Qb5 Qxb5 23. axb5 h6 24. Nc6 Bc5 25. Bxf6 gxf6 26. Rc1 Bd6 27. Ne7+ Bxe7
28. Rxc8+ Kg7 29. Rc7 Bd6 30. Rxa7 Be5 31. b3  1-0

[Event "Summer Prague Open 2023 - A"]
[Site "Olympik hotel, Sokolovska 138, Praha"]
[Date "2023.08.09"]
[Round "7"]
[Board "17"]
[White "Vecera, Dominik"]
[Black "Schletter, Felix"]
[Result "1/2-1/2"]
[WhiteElo "2218"]
[BlackElo "2094"]
[PlyCount "0"]
[EventDate "2023.08.04"]
[EventRounds "9"]
[EventCountry "CZE"]

1. e4 e6 2. d4 d5 3. Nd2 Be7 4. Bd3 c5 5. dxc5 Nf6 6. Qe2 a5 7. c3 O-O 8. Ngf3 Na6
9. e5 Nd7 10. Bxa6 Rxa6 11. b4 f6 12. exf6 Bxf6 13. b5 Ra8 14. Ba3 Re8 15. Rc1 Qe7
16. O-O b6 17. c4 bxc5 18. Nb3 Bb7 19. Nxc5 Nxc5 20. cxd5 Rac8 21. Qe3 Bxd5 22. Bxc5
Qf7 23. a4 Qg6 24. Bd6 Qg4 25. Qf4 Qg6 26. g3 Qh5 27. Rxc8 Rxc8 28. Ne5 Qh3 29. f3
Rc2 30. Rf2 Rxf2 31. Kxf2  1/2-1/2

[Event "Summer Prague Open 2023 - A"]
[Site "Olympik hotel, Sokolovska 138, Praha"]
[Date "2023.08.09"]
[Round "7"]
[Board "18"]
[White "Hinterreiter, Markus"]
[Black "Matthaei, Jakob"]
[Result "1/2-1/2"]
[WhiteElo "2206"]
[BlackElo "2051"]
[PlyCount "0"]
[EventDate "2023.08.04"]
[EventRounds "9"]
[EventCountry "CZE"]

1. Nf3 Nf6 2. c4 b6 3. g3 Bb7 4. Bg2 e6 5. O-O Be7 6. Nc3 O-O 7. Re1 c5 8. e4 d6
9. d4 cxd4 10. Nxd4 Qc8 11. b3 Nbd7 12. f4 Rd8 13. Kh1 Bf8 14. Be3 Nc5 15. Bg1 a6
16. Rc1 Qc7 17. Qc2 Rac8 18. a4 Qb8 19. Qb1 Qa8 20. Re2 g6 21. Rce1 Bg7 22. Nd1 e5
23. Nf3 exf4 24. gxf4 Nh5 25. b4 Nxa4 26. Qb3 b5 27. cxb5 axb5 28. Ng5 Rc7 29. f5
Nf4 30. fxg6 Nxe2 31. Nxf7 Nc1 32. Qe6 Rxf7 33. Qxf7+ Kh8 34. Re3 Rf8 35. Qe7 Re8
36. Qf7 Rf8 37. Qe7 Re8  1/2-1/2

[Event "Summer Prague Open 2023 - A"]
[Site "Olympik hotel, Sokolovska 138, Praha"]
[Date "2023.08.09"]
[Round "7"]
[Board "19"]
[White "Kratochvil, Vit"]
[Black "Jovanovski, Teodor"]
[Result "0-1"]
[WhiteElo "2181"]
[BlackElo "1829"]
[PlyCount "0"]
[EventDate "2023.08.04"]
[EventRounds "9"]
[EventCountry "CZE"]

1. e4 e6 2. d3 d5 3. Nd2 Nf6 4. Ngf3 c5 5. g3 Nc6 6. Bg2 Be7 7. O-O b6 8. Re1 Bb7
9. c3 Qc7 10. h4 h6 11. Nf1 dxe4 12. dxe4 Rd8 13. Qa4 e5 14. Ne3 O-O 15. Nd2 Bd6
16. Ndf1 a6 17. Nf5 Ne7 18. N1e3 b5 19. Qc2 c4 20. b4 Kh7 21. a4 Nfg8 22. axb5 axb5
23. Rd1 g6 24. Nxd6 Rxd6 25. Ra5 Rxd1+ 26. Qxd1 Bc6 27. Nd5 Rd8 28. Be3 Qd7 29. Ra7
Bb7 30. Qc1 Nxd5 31. exd5 Ra8 32. Qa1 Rxa7 33. Qxa7 Nf6 34. Qb8 Ng4 35. d6 Bxg2 36.
Kxg2 Qc6+ 37. Kg1 Nxe3 38. fxe3 Qf3 39. Qc7 Qxg3+ 40. Kf1 Qf3+ 41. Kg1 Qxe3+ 42.
Kh2 Qf4+ 43. Kh3 e4 44. Qe7 e3 45. h5 Qf3+ 46. Kh2 Qf2+ 47. Kh3 e2 48. hxg6+ Kxg6
49. Qe4+ Qf5+ 50. Qxf5+ Kxf5 51. d7 e1=Q 52. d8=Q Qxc3+ 53. Kh2 Qe5+ 54. Kh3 Qe3+
55. Kh2 c3 56. Qd7+ Ke4 57. Qb7+ Kd3 58. Qxb5+ Kd2 59. Qd5+ Qd3 60. Qc6 c2 61. Qxh6+
Kd1 62. Kg2 c1=Q 63. Qh1+ Kc2 64. Qh2 Qcd2+ 65. Kg1 Q3e3+ 66. Kf1 Qee1#  0-1

[Event "Summer Prague Open 2023 - A"]
[Site "Olympik hotel, Sokolovska 138, Praha"]
[Date "2023.08.09"]
[Round "7"]
[Board "20"]
[White "Beeck, Mats"]
[Black "Brzezina, Piotr"]
[Result "1-0"]
[WhiteElo "2180"]
[BlackElo "2038"]
[PlyCount "0"]
[EventDate "2023.08.04"]
[EventRounds "9"]
[EventCountry "CZE"]

1. c4 e5 2. g3 Nf6 3. Bg2 d5 4. cxd5 Nxd5 5. Nf3 Nc6 6. O-O Nb6 7. b3 Be7 8. Bb2
f6 9. Nc3 O-O 10. Rc1 Be6 11. Ne4 Qd7 12. d4 exd4 13. Nxd4 Nxd4 14. Bxd4 Rfd8 15.
Nc5 Bxc5 16. Bxc5 c6 17. Qc2 Qd2 18. e4 Qxc2 19. Rxc2 Rd3 20. Be3 Rad8 21. Bf3 Nc8
22. Be2 R3d7 23. g4 a6 24. f3 h6 25. Kf2 Kf8 26. h4 g5 27. Rh1 Kg7 28. hxg5 hxg5
29. e5 fxe5 30. Bxg5 Re8 31. Rd2 Rxd2 32. Bxd2 Bd5 33. Bc3 Nd6 34. Rh5 Kf6 35. Rh6+
Ke7 36. Bxe5 Nf7 37. Rh5 Kd7 38. Bg3 Rf8 39. Bd3 Ke8 40. Bf5 b5 41. Ke3 a5 42. Be4
Bxe4 43. Kxe4 Rg8 44. Bf4 Ke7 45. a4 Rh8 46. Rxh8 Nxh8 47. Bc7  1-0

[Event "Summer Prague Open 2023 - A"]
[Site "Olympik hotel, Sokolovska 138, Praha"]
[Date "2023.08.10"]
[Round "8"]
[Board "1"]
[White "Itgelt, Khuyagtsogt"]
[Black "Walek, Petr"]
[Result "1-0"]
[WhiteElo "2397"]
[BlackElo "2219"]
[PlyCount "0"]
[EventDate "2023.08.04"]
[EventRounds "9"]
[EventCountry "CZE"]

1. d4 d5 2. c4 c6 3. Nc3 Nf6 4. e3 e6 5. Nf3 Bd6 6. Qc2 O-O 7. Be2 Nbd7 8. O-O dxc4
9. a4 a5 10. Bxc4 e5 11. Bb3 Qe7 12. h3 g6 13. Bd2 Kg7 14. Rae1 e4 15. Ng5 Nb6 16.
f3 Bg3 17. fxe4 Bxe1 18. Bxe1 Nfd5 19. exd5 Qxg5 20. Ne4 Qd8 21. dxc6 Nd5 22. c7
Nxc7 23. Bg3 Ne8 24. Qc3 b6 25. d5+ f6 26. Qd4 h6 27. Rf2 Ra7 28. Nc3 Re7 29. e4
Nd6 30. Bc2 Ree8 31. Kh2 Nf7 32. Ne2 Ne5 33. Nf4 Rf7 34. Nd3 Nxd3 35. Qxd3 Bb7 36.
e5 f5 37. e6 Rf6 38. Rd2 f4 39. Bh4 g5 40. Qh7+ Kf8 41. Bg6 Bxd5 42. Rxd5 Qxd5 43.
e7+ Rxe7 44. Qh8+ Qg8 45. Qxf6+ Rf7 46. Qd8+ Kg7 47. Qxg8+ Kxg8 48. Bxf7+ Kxf7 49.
Bf2  1-0